Ku kultúre prostredia: Materiálová jama Vojka 1

Podrobná bibliografia
Hlavný autor: Mašek, Martin, 1956- (Autor)
Médium: Článok
Jazyk:slovenčina
Fyzický popis:Fotogr., obr.
ISSN:1335-4426
Predmet:

MARC

LEADER 00000nab a2200000 ar4500
001 vtls008873687
003 SK-MaSNL
005 20260303061642.0
008 061107c2006 xo wr|p|||||||000 b|slo
015 |a SNBRB2006/11  |2 snkbucl 
040 |a SNKBUCL  |b slo  |c SNKBUCL  |e AACR2 
041 0 |a slo 
044 |a xo  |c SK 
080 |a 908  |x (437.6)  |2 2001 
080 |a 712  |x (437.6)  |2 2001 
100 1 |a Mašek, Martin,  |d 1956-  |4 aut  |9 104469 
245 1 0 |a Ku kultúre prostredia: Materiálová jama Vojka 1  |c Martin Mašek 
300 |b Fotogr., obr. 
650 0 7 |a kultúra prostredia  |2 snkbucl  |9 1033740 
650 0 7 |a osadníci  |2 snkbucl  |9 1033741 
651 7 |a Vojkanské jazero (Slovensko)  |2 snkbucl  |9 1056197 
651 7 |a Malý Žitný ostrov (Slovensko)  |2 snkbucl  |9 1033743 
773 0 |t Domino fórum  |g Roč. XV, č. 40 (2006), s. 20-21  |x 1335-4426 
852 |a SNK  |b KIS3GCP 
958 |a SK 
999 |c 1736265  |d 1738195